| 000 | 01610nam a2200361 i 4500 | ||
|---|---|---|---|
| 001 | 6825 | ||
| 003 | ES-MaACL | ||
| 005 | 20240227093511.0 | ||
| 007 | t| | ||
| 007 | t| | ||
| 008 | 900604s1989 sp a |||| | spa d | ||
| 020 | _a84-85905-57-1(O.C.) | ||
| 080 | _a335(46)"18/19" | ||
| 245 | 0 | 0 |
_aHistoria del socialismo español / _cdirigida pos Manuel Tuñon de Lara. |
| 250 | _a1ª ed. | ||
| 260 |
_aBarcelona : _bConjunto Editorial, _c1989. |
||
| 300 |
_a5 v. : _bil. ; _c25 cm. |
||
| 500 | _aCronología. | ||
| 504 | _aBibliografía. | ||
| 505 | 8 | _aContiene: t. I. (1870-1909) / Santiago Castillo ; presentacion e introduccion por Manuel Tuñon de Lara -- t. II. (1909-1931) / Ramon Alquezar, Josep Termes ; introduccion por Manuel Tuñon de Lara -- t. III. (1931-1939) / Santos Julia ; introduccion por Manuel Tuñon de Lara -- t. IV. (1939-1977) / Jose Luis Martin Ramos ; introduccion por Manuel Tuñon de Lara -- t. V (1977-1988) / texto, cronologia y bibliografia por Enric Company ; biografias por Francesc Arroyo | |
| 610 | 2 | 4 |
_aPartido Socialista Obrero Español- _vHistoria. _96157 |
| 650 |
_aSocialismo- _zEspaña- _vHistoria. _917156 |
||
| 700 | 0 |
_aTuñón de Lara, Manuel, _d1915-1997 _9111681 |
|
| 700 | 1 |
_aCastillo, Santiago. _936722 |
|
| 700 | 1 |
_aTermes, Josep. _9109751 |
|
| 700 | 1 |
_aAlquézar, Ramón. _9149441 |
|
| 700 | 1 |
_aJuliá, Santos, _d1940-2019 _967236 |
|
| 700 | 1 |
_aMartín Ramos, José Luis. _977621 |
|
| 700 | 1 |
_aCompany, Enric. _940033 |
|
| 700 | 1 |
_aArroyo, Francesc. _923354 |
|
| 852 |
_aES-MaACL _jL-14013-17 _z. - guafl. |
||
| 999 |
_c6825 _d6825 |
||